Invisible in the storm : the role of mathematics in understanding weather /

"Invisible in the Storm is the first book to recount the history, personalities, and ideas behind one of the greatest scientific successes of modern times--the use of mathematics in weather prediction. Although humans have tried to forecast weather for millennia, mathematical principles were us...

Full description

Bibliographic Details
Main Author: Roulstone, Ian
Corporate Author: ebrary, Inc
Other Authors: Norbury, John, 1945-
Format: eBook
Language:English
Published: Princeton : Princeton University Press, 2013.
Subjects:
Online Access:Connect to the full text of this electronic book

MARC

Tag First Indicator Second Indicator Subfields
LEADER 00000cam a2200000 a 4500
001 in00002814839
006 m o d
007 cr cn|||||||||
008 121213s2013 njuabc ob 001 0 eng d
005 20250816212545.2
010 |z  2012037453 
020 |z 9780691152721 (hardback) 
020 |z 9781400846221 (e-book) 
035 |a (CaPaEBR)ebr10653087 
035 |a (OCoLC)827944851 
040 |a CaPaEBR  |c CaPaEBR  |d UtOrBLW 
050 1 4 |a QC874.3  |b .R68 2013eb 
082 0 4 |a 551.60151  |2 23 
100 1 |a Roulstone, Ian. 
245 1 0 |a Invisible in the storm :  |b the role of mathematics in understanding weather /  |c Ian Roulstone and John Norbury. 
264 1 |a Princeton :  |b Princeton University Press,  |c 2013. 
300 |a 1 online resource (ix, 325 pages) :  |b illustrations, maps, portraits 
336 |a text  |b txt  |2 rdacontent 
337 |a computer  |b c  |2 rdamedia 
338 |a online resource  |b cr  |2 rdacarrier 
504 |a Includes bibliographical references and index. 
520 |a "Invisible in the Storm is the first book to recount the history, personalities, and ideas behind one of the greatest scientific successes of modern times--the use of mathematics in weather prediction. Although humans have tried to forecast weather for millennia, mathematical principles were used in meteorology only after the turn of the twentieth century. From the first proposal for using mathematics to predict weather, to the supercomputers that now process meteorological information gathered from satellites and weather stations, Ian Roulstone and John Norbury narrate the groundbreaking evolution of modern forecasting. The authors begin with Vilhelm Bjerknes, a Norwegian physicist and meteorologist who in 1904 came up with a method now known as numerical weather prediction. Although his proposed calculations could not be implemented without computers, his early attempts, along with those of Lewis Fry Richardson, marked a turning point in atmospheric science. Roulstone and Norbury describe the discovery of chaos theory's butterfly effect, in which tiny variations in initial conditions produce large variations in the long-term behavior of a system--dashing the hopes of perfect predictability for weather patterns. They explore how weather forecasters today formulate their ideas through state-of-the-art mathematics, taking into account limitations to predictability. Millions of variables--known, unknown, and approximate--as well as billions of calculations, are involved in every forecast, producing informative and fascinating modern computer simulations of the Earth system. Accessible and timely, Invisible in the Storm explains the crucial role of mathematics in understanding the ever-changing weather"--  |c Provided by publisher. 
500 |a Electronic resource. 
650 0 |a Meteorology  |x Data processing. 
650 0 |a Climatology  |x Data processing. 
650 0 |a Meteorology  |x Mathematical models. 
650 0 |a Climatology  |x Mathematical models. 
655 7 |a Electronic books.  |2 local 
700 1 |a Norbury, John,  |d 1945- 
710 2 |a ebrary, Inc. 
856 4 1 |u https://ebookcentral.proquest.com/lib/tamucs/detail.action?docID=1084827  |y Connect to the full text of this electronic book  |t 0 
980 |a 130312  |b 35  |c USD  |e 35  |f YBP_EBR0000055705  |g 1 
999 f f |s 72c6a243-d598-3346-9dd8-8a7b85889b71  |i 5c252c78-d0ee-39c4-a04f-7015ff22d623  |t 0 
999 |a MARS 
952 f f |a Texas A&M University  |b College Station  |c Electronic Resources  |d Available Online  |t 0  |e QC874.3 .R68 2013eb  |h Library of Congress classification 
998 f f |a QC874.3 .R68 2013eb  |t 0  |l Available Online